| 000 | 01028nam a2200289 i 4500 | ||
|---|---|---|---|
| 001 | 12910 | ||
| 003 | KOSZ 005 | ||
| 005 | 20211203113632.0 | ||
| 008 | 070808s1970 pl a f 000 0 pol | ||
| 015 | _aPB 1970/7407 | ||
| 040 |
_aWA N _cWA N _dKOSZ 005/RW _dKOSZ 005/HR |
||
| 080 | _a621.313 | ||
| 100 | 1 |
_aZembrzuski, Jan _eAutor |
|
| 245 | 1 | 0 |
_aUzwojenia maszyn elektrycznych prądu przemiennego / _cJan Zembrzuski. |
| 260 |
_aWarszawa : _bWydawnictwa Naukowo-Techniczne, _c1970. |
||
| 300 |
_a198, [2] s. : _bil. ; _c23 cm. |
||
| 380 | _aKsiążki. | ||
| 490 | 1 | _aBiblioteka Montera Elektryka. | |
| 504 | _aBibliogr. s. [200]. | ||
| 658 | _aInżynieria i technika | ||
| 650 | 4 | _aMaszyny elektryczne | |
| 650 | 4 | _a Konstrukcja maszyn i urządzeń | |
| 710 | 2 |
_aWydawnictwa Naukowo-Techniczne _4pbl. |
|
| 830 | 0 | _aBME Biblioteka Montera Elektryka. | |
| 856 |
_uhttp://koha.tu.koszalin.pl/cgi-bin/koha/opac-detail.pl?biblionumber=12910 _yKatalog online BPK |
||
| 942 |
_2UKD _cKS |
||
| 999 |
_c12910 _d12910 |
||